[Event "Plzen, FSB C"]
[Site "?"]
[Date "2004.??.??"]
[Round "8.7"]
[White "Tenk, P."]
[Black "Reznicek, M."]
[Result "1-0"]
[WhiteElo "1806"]
[BlackElo "1411"]
[PlyCount "111"]
[EventDate "2004.??.??"]
[Source "ChessBase"]
[SourceDate "1996.11.15"]

1. g3 Nf6 2. Bg2 g6 3. Nf3 Bg7 4. d3 O-O 5. O-O d6 6. Nbd2 e5 7. e4 Nc6 8. h3
Be6 9. Re1 Re8 10. c4 Nh5 11. Nf1 f5 12. exf5 gxf5 13. Ng5 Nf6 14. Nxe6 Rxe6
15. Bg5 Kh8 16. Ne3 h6 17. Bh4 f4 18. Nf5 fxg3 19. fxg3 Qd7 20. b4 Rf8 21. b5
Nd8 22. g4 c6 23. a4 Nh7 24. Rb1 Bf6 25. Bf2 h5 26. Be3 hxg4 27. hxg4 c5 28.
Bh6 Rfe8 29. Bd5 Bg5 30. Bg7+ Kg8 31. Qf3 Bf4 32. Kg2 Ng5 33. Qf2 Ndf7 34. Bxe6
Nxe6 35. Bf6 Nd4 36. Nxd4 Qxg4+ 37. Kf1 cxd4 38. Qg2 Qxg2+ 39. Kxg2 Re6 40. Bh4
Nh6 41. Kf3 Nf5 42. Rg1+ Kf7 43. Bf2 Rh6 44. Rh1 Rg6 45. Rbg1 Rxg1 46. Rxg1 Ke8
47. Ke4 Ne7 48. Rg7 Nc8 49. Rxb7 Bg5 50. a5 Kd8 51. Be1 Ne7 52. Rxa7 Kc8 53.
Bb4 Kb8 54. Rd7 Nc8 55. Bxd6+ Nxd6+ 56. Rxd6 1-0

[Event "Plzen, FSB C"]
[Site "?"]
[Date "2004.??.??"]
[Round "8.8"]
[White "Schanilec, M."]
[Black "Pasek, M."]
[Result "0-1"]
[WhiteElo "1488"]
[BlackElo "1710"]
[PlyCount "46"]
[EventDate "2004.??.??"]
[Source "ChessBase"]
[SourceDate "1996.11.15"]

1. e4 e5 2. Nf3 Nc6 3. Bc4 Bc5 4. c3 Nf6 5. d4 exd4 6. e5 d5 7. Bb5 Ne4 8. cxd4
Bb4+ 9. Bd2 Nxd2 10. Nbxd2 Bd7 11. Qb3 Bxd2+ 12. Nxd2 Nxd4 13. Bxd7+ Qxd7 14.
Qxb7 O-O 15. Rc1 Qg4 16. Qa6 Rfe8 17. O-O Ne2+ 18. Kh1 Nxc1 19. Rxc1 Qf4 20.
Nb3 Rxe5 21. Rf1 Rae8 22. Qxa7 Re1 23. Qa6 Qxf2 0-1

[Event "Plzen, FSB C"]
[Site "?"]
[Date "2004.??.??"]
[Round "8.10"]
[White "Verf, F."]
[Black "Szarowski, D."]
[Result "1-0"]
[WhiteElo "1638"]
[BlackElo "1889"]
[PlyCount "163"]
[EventDate "2004.??.??"]
[Source "ChessBase"]
[SourceDate "1996.11.15"]

1. a3 e5 2. c4 c5 3. Nc3 Nf6 4. d3 d5 5. cxd5 Nxd5 6. Nf3 Nc6 7. g3 g6 8. Bg2
Be6 9. O-O Nxc3 10. bxc3 Bg7 11. Ng5 Bc8 12. Qa4 O-O 13. Bxc6 bxc6 14. Qxc6 Bg4
15. Qe4 Bf5 16. Qc4 Rc8 17. Rb1 h6 18. Ne4 Be6 19. Qa6 c4 20. Bd2 Bd5 21. f3
cxd3 22. exd3 Rc6 23. Qa4 f5 24. c4 fxe4 25. cxd5 Qxd5 26. dxe4 Qc5+ 27. Kg2
Rd8 28. Bb4 Qc2+ 29. Qxc2 Rxc2+ 30. Rf2 Rdc8 31. Rd1 R2c7 32. Rfd2 Bf8 33. Bd6
Rc3 34. Bxe5 Rxa3 35. Bd6 Bxd6 36. Rxd6 Rc2+ 37. R1d2 Rxd2+ 38. Rxd2 a5 39.
Rd8+ Kf7 40. Ra8 Ra2+ 41. Kh3 a4 42. Kg4 a3 43. Kf4 Rxh2 44. Rxa3 Rh5 45. Ra7+
Ke6 46. Ra6+ Kf7 47. g4 Rb5 48. Rd6 Rb4 49. Rd7+ Kf6 50. Rh7 g5+ 51. Kg3 Kg6
52. Rd7 Rb6 53. e5 Rb5 54. Re7 Rb2 55. Re6+ Kg7 56. Rf6 Re2 57. Rf5 Kg6 58.
Rf6+ Kg7 59. Re6 Kh7 60. Re8 Kg6 61. e6 Kg7 62. e7 h5 63. gxh5 Kf7 64. Rf8+
Kxe7 65. Rf5 Re1 66. Rxg5 Kf6 67. Kf4 Rh1 68. Rf5+ Kg7 69. Rg5+ Kf6 70. Rg6+
Kf7 71. Kg5 Rg1+ 72. Kh6 Rf1 73. Rg7+ Kf8 74. Rg3 Rh1 75. Kg6 Kg8 76. f4 Rf1
77. f5 Rf2 78. Kf6+ Kh7 79. Ke6 Kh6 80. f6 Re2+ 81. Kf7 Kxh5 82. Kg7 1-0

[Event "Plzen, FSB C"]
[Site "?"]
[Date "2004.??.??"]
[Round "8.11"]
[White "Soutner, J."]
[Black "Chloupek, J."]
[Result "0-1"]
[WhiteElo "1703"]
[BlackElo "1743"]
[PlyCount "88"]
[EventDate "2004.??.??"]
[Source "ChessBase"]
[SourceDate "1996.11.15"]

1. e4 c5 2. Nf3 d6 3. d4 cxd4 4. Nxd4 Nf6 5. Nc3 a6 6. Bg5 e6 7. f4 Be7 8. Qf3
Qc7 9. O-O-O O-O 10. g4 Nc6 11. Nxc6 bxc6 12. h4 Rb8 13. Bxf6 Bxf6 14. g5 Be7
15. h5 f5 16. exf5 exf5 17. Bg2 d5 18. h6 g6 19. Ne2 Bd6 20. Rhf1 a5 21. Nc3
Rf7 22. Rd4 Rb4 23. Rxb4 axb4 24. Na4 Ba6 25. Rf2 Re7 26. Qg3 Re1+ 27. Kd2 Qe7
28. Qf3 Rg1 29. Bf1 Bb5 30. b3 d4 31. Nb2 Qe3+ 32. Qxe3 dxe3+ 33. Kxe3 Rxf1 34.
Rxf1 Bxf1 35. Nd1 Bc5+ 36. Kd2 Kf7 37. c3 Ke6 38. cxb4 Bxb4+ 39. Ke3 Kd5 40.
Kf3 Kd4 41. Ne3 Bd3 42. Nd1 Bb1 43. Ne3 Bxa2 44. Ng2 Bxb3 0-1

[Event "Plzen, FSB C"]
[Site "?"]
[Date "2004.??.??"]
[Round "8.12"]
[White "Zach, T."]
[Black "Veenstra, C."]
[Result "1-0"]
[WhiteElo "1709"]
[BlackElo "1474"]
[PlyCount "117"]
[EventDate "2004.??.??"]
[Source "ChessBase"]
[SourceDate "1996.11.15"]

1. d4 d5 2. c4 e6 3. Nc3 Nf6 4. Bg5 Nbd7 5. e3 c6 6. Nf3 Be7 7. Bd3 h6 8. Bxf6
Nxf6 9. O-O O-O 10. Qc2 a6 11. a3 b5 12. c5 Bb7 13. Ne5 Qe8 14. f4 Kh8 15. f5
exf5 16. Bxf5 Bc8 17. Rf3 Bxf5 18. Qxf5 g6 19. Qf4 Kg7 20. h4 Ra7 21. Raf1 Bd8
22. Ng4 Nxg4 23. Qxg4 Qd7 24. Qxd7 Rxd7 25. g3 Re7 26. Kg2 h5 27. Na2 f5 28.
Nb4 Re6 29. Nxa6 Ba5 30. Nb4 Bxb4 31. axb4 Ra8 32. Re1 Ra4 33. Rb1 Re7 34. b3
Rxb4 35. Rb2 Ra7 36. Rf1 Ra3 37. Rfb1 Kf6 38. Kf3 g5 39. Ke2 f4 40. hxg5+ Kxg5
41. gxf4+ Kf5 42. Kf3 h4 43. Rh1 Rbxb3 44. Rxb3 Rxb3 45. Rxh4 Ra3 46. Rh5+ Ke6
47. f5+ Ke7 48. Rh6 Kd7 49. Rd6+ Kc7 50. f6 b4 51. f7 Ra8 52. Ke2 b3 53. Kd2 b2
54. Kc2 Rb8 55. Kb1 Rf8 56. Rf6 Kd7 57. Kxb2 Ke7 58. Rxc6 Rxf7 59. Rc7+ 1-0

[Event "Plzen, FSB C"]
[Site "?"]
[Date "2004.??.??"]
[Round "8.13"]
[White "Stanek, V."]
[Black "Kang, MY."]
[Result "0-1"]
[WhiteElo "1654"]
[BlackElo "1589"]
[PlyCount "54"]
[EventDate "2004.??.??"]
[Source "ChessBase"]
[SourceDate "1996.11.15"]

1. e4 e5 2. Nc3 Nc6 3. Bc4 Bc5 4. d3 h6 5. f4 d6 6. Nf3 Bg4 7. h3 Bxf3 8. gxf3
Qh4+ 9. Kd2 exf4 10. Qf1 Qg3 11. Ne2 Qh4 12. c3 Nge7 13. Kc2 Ng6 14. d4 Bb6 15.
Rg1 h5 16. b4 Qf6 17. Bb2 O-O-O 18. a4 a5 19. b5 Nce7 20. Qg2 d5 21. Bd3 Rhg8
22. exd5 Nxd5 23. Qg5 Qe6 24. Bc1 Kb8 25. Be4 Nge7 26. Qxh5 Rh8 27. Bxd5 Qxe2+
0-1

[Event "Plzen, FSB C"]
[Site "?"]
[Date "2004.??.??"]
[Round "8.14"]
[White "Malek, M."]
[Black "Vitous, V."]
[Result "0-1"]
[WhiteElo "1642"]
[BlackElo "1553"]
[PlyCount "106"]
[EventDate "2004.??.??"]
[Source "ChessBase"]
[SourceDate "1996.11.15"]

1. d4 Nf6 2. Nf3 d5 3. e3 c5 4. c3 Bg4 5. Bd3 e6 6. Nbd2 cxd4 7. exd4 Bd6 8. h3
Bh5 9. O-O Qc7 10. Re1 Nc6 11. Bb5 a6 12. Bxc6+ Qxc6 13. Qb3 O-O 14. Ne5 Qc7
15. Ndf3 Ne4 16. a4 f6 17. Ng4 Bf7 18. Be3 h5 19. Ngh2 g5 20. Nf1 g4 21. hxg4
hxg4 22. Nh4 g3 23. Nxg3 Nxg3 24. fxg3 Bxg3 25. Bf2 Bh2+ 26. Kf1 Qf4 27. Nf3
Kg7 28. Be3 Qf5 29. Ke2 Bh5 30. Rh1 Bg3 31. Rac1 Rf7 32. Qc2 Qg4 33. Kd2 Rh8
34. Qd1 Qe4 35. Qe2 Kf8 36. Rh3 Rg7 37. Rch1 Qf5 38. Rg1 Rgg8 39. Qd3 Qg4 40.
Nh2 Bxh2 41. Rxh2 Bg6 42. Qf1 Rxh2 43. Qxf6+ Ke8 44. Bg5 Rxg2+ 45. Rxg2 Qxg2+
46. Ke1 Qe4+ 47. Kd2 Kd7 48. Qe7+ Kc8 49. Qc5+ Kb8 50. Qd6+ Ka8 51. Qe7 Rh8 52.
Bh6 Bh5 53. Qg7 Qe2+ 0-1

[Event "Plzen, FSB C"]
[Site "?"]
[Date "2004.??.??"]
[Round "8.15"]
[White "Martan, P."]
[Black "Bolek, M."]
[Result "0-1"]
[WhiteElo "1000"]
[BlackElo "1554"]
[PlyCount "50"]
[EventDate "2004.??.??"]
[Source "ChessBase"]
[SourceDate "1996.11.15"]

1. Nf3 Nf6 2. g3 e6 3. Bg2 d5 4. d4 c5 5. c3 Nc6 6. Bf4 Be7 7. Nbd2 O-O 8. O-O
Re8 9. Re1 b6 10. e4 dxe4 11. Nxe4 Bb7 12. Ne5 Nxe4 13. Bxe4 Na5 14. Qf3 Bxe4
15. Rxe4 f6 16. Nd3 cxd4 17. cxd4 Nc4 18. Rae1 Qd5 19. Qe2 Bf8 20. h4 Red8 21.
b3 Nd6 22. Rxe6 Nf5 23. Qg4 Nxd4 24. Rxf6 Nf3+ 25. Kg2 Ne5+ 0-1

[Event "Plzen, FSB C"]
[Site "?"]
[Date "2004.??.??"]
[Round "8.16"]
[White "Lasik, P."]
[Black "Volf, M."]
[Result "1-0"]
[WhiteElo "1390"]
[BlackElo "1611"]
[PlyCount "107"]
[EventDate "2004.??.??"]
[Source "ChessBase"]
[SourceDate "1996.11.15"]

1. d4 d5 2. c4 e6 3. Nc3 Nf6 4. Bg5 Nbd7 5. Nf3 Be7 6. e3 O-O 7. Bd3 dxc4 8.
Bxc4 c5 9. O-O a6 10. Qc2 b5 11. Be2 Bb7 12. Rac1 Rc8 13. Qb1 Nd5 14. Ne4 h6
15. Bxe7 Qxe7 16. dxc5 Nxc5 17. Nfd2 Nxe4 18. Nxe4 Rfd8 19. Bf3 Ba8 20. Rc2 Nb6
21. Rfc1 Rxc2 22. Rxc2 Nc4 23. Qc1 Ne5 24. Rc8 Nxf3+ 25. gxf3 Bxe4 26. fxe4 Kh7
27. Rxd8 Qxd8 28. h3 Qh4 29. Qc6 Qxh3 30. Qxa6 Qg4+ 31. Kf1 Qxe4 32. Qxb5 Qb1+
33. Kg2 Qxa2 34. b4 Qc2 35. Qc5 Qd1 36. Qd4 Qh5 37. Kf1 Qh1+ 38. Ke2 Qh5+ 39.
Kd3 Qd1+ 40. Ke4 Qc2+ 41. Ke5 Qxf2 42. Kd6 Qh2+ 43. Kc6 Qc2+ 44. Kb6 Qc8 45. b5
Qb8+ 46. Ka5 Qa8+ 47. Kb4 Kg8 48. b6 Kf8 49. Qc5+ Ke8 50. Kb5 Qa2 51. b7 Qb2+
52. Ka6 Qa2+ 53. Kb6 Qb2+ 54. Qb5+ 1-0

[Event "Plzen, FSB C"]
[Site "?"]
[Date "2004.??.??"]
[Round "8.17"]
[White "Polak, M."]
[Black "van der Heide, G."]
[Result "1-0"]
[WhiteElo "1368"]
[BlackElo "1648"]
[PlyCount "69"]
[EventDate "2004.??.??"]
[Source "ChessBase"]
[SourceDate "1996.11.15"]

1. e4 d6 2. Nf3 Nf6 3. Nc3 g6 4. d4 Bg7 5. Bc4 c6 6. O-O b5 7. Bb3 b4 8. Ne2
Nxe4 9. a3 bxa3 10. Rxa3 c5 11. Bd5 Nf6 12. Bxa8 Qc7 13. d5 Bd7 14. c3 O-O 15.
Qd3 Bf5 16. Qb5 a6 17. Qa4 e6 18. c4 Nfd7 19. Bc6 Nb6 20. Qb3 Nxc6 21. dxc6 Ra8
22. Ng3 Qxc6 23. Nxf5 gxf5 24. Qc2 Kh8 25. b3 Rg8 26. Bb2 Bd4 27. Bxd4+ cxd4
28. Rxa6 Qxf3 29. g3 Qb7 30. Ra2 Ra8 31. Rxa8+ Nxa8 32. Qd3 Nb6 33. Qxd4+ Kg8
34. Qxd6 f6 35. Qxe6+ 1-0

[Event "Plzen, FSB C"]
[Site "?"]
[Date "2004.??.??"]
[Round "8.18"]
[White "van Merkerk, R."]
[Black "Hahn, C."]
[Result "0-1"]
[WhiteElo "1400"]
[BlackElo "1601"]
[PlyCount "50"]
[EventDate "2004.??.??"]
[Source "ChessBase"]
[SourceDate "1996.11.15"]

1. Nf3 Nf6 2. c4 g6 3. g3 Bg7 4. Bg2 O-O 5. O-O d6 6. Nc3 e5 7. d3 Nc6 8. a3
Ne7 9. b4 c6 10. Bd2 Qc7 11. Qc2 d5 12. cxd5 Nfxd5 13. e4 Nb6 14. Na4 Nxa4 15.
Qxa4 Bd7 16. Qb3 Rad8 17. Rac1 Kh8 18. Rfd1 Be6 19. Qc2 f5 20. exf5 Bxf5 21.
Bc3 Nd5 22. Bb2 Bg4 23. Qe2 Qf7 24. Bxe5 Bxe5 25. Qxe5+ Kg8 0-1

[Event "Plzen, FSB C"]
[Site "?"]
[Date "2004.??.??"]
[Round "8.19"]
[White "Krizek, A."]
[Black "Fakan, P."]
[Result "1/2-1/2"]
[WhiteElo "1000"]
[BlackElo "1200"]
[PlyCount "65"]
[EventDate "2004.??.??"]
[Source "ChessBase"]
[SourceDate "1996.11.15"]

1. e4 e6 2. d4 d5 3. e5 c5 4. c3 Nc6 5. Bb5 cxd4 6. cxd4 Qa5+ 7. Nc3 Bb4 8.
Bxc6+ bxc6 9. Nge2 Ba6 10. Bd2 Ne7 11. a3 Bxc3 12. Nxc3 Qb6 13. Bc1 Nf5 14. Na4
Qxd4 15. Qxd4 Nxd4 16. Kd1 Bc4 17. Nc5 Nb3 18. Nxb3 Bxb3+ 19. Kd2 O-O 20. Kc3
Bc4 21. Be3 Rfc8 22. b4 f6 23. exf6 gxf6 24. Rhe1 e5 25. f4 Ba6 26. fxe5 fxe5
27. Bc5 d4+ 28. Kb2 Re8 29. Rad1 d3 30. Rd2 e4 31. a4 Bc4 32. Kc3 Bd5 33. a5
1/2-1/2

[Event "Plzen, FSB C"]
[Site "?"]
[Date "2004.??.??"]
[Round "9.1"]
[White "Cerny, V."]
[Black "Rouc, M."]
[Result "0-1"]
[WhiteElo "1659"]
[BlackElo "1776"]
[PlyCount "86"]
[EventDate "2004.??.??"]
[Source "ChessBase"]
[SourceDate "1996.11.15"]

1. e4 e5 2. Nf3 Nc6 3. Bb5 a6 4. Ba4 Nf6 5. d4 exd4 6. O-O Be7 7. Re1 b5 8. Bb3
d6 9. c3 Bg4 10. cxd4 Bxf3 11. gxf3 Na5 12. Bc2 Nd7 13. Nc3 c5 14. dxc5 dxc5
15. Bf4 Nc6 16. e5 Nd4 17. Be4 Ra7 18. Bg3 O-O 19. f4 f5 20. Bd5+ Kh8 21. Bg2
Nb8 22. Re3 Rd7 23. Kh1 Nbc6 24. Rd3 Nb4 25. Rd2 Qc8 26. a3 Nbc6 27. Nd5 Qb8
28. Rc1 Qa7 29. Ne3 Rdd8 30. Bxc6 Nxc6 31. Nd5 Nd4 32. Nxe7 Qb7+ 33. f3 Nxf3
34. Rd5 Nd4 35. Rcxc5 Ne6 36. Bf2 Qxe7 37. Kg1 Nxc5 38. Bxc5 Qxc5+ 39. Rxc5
Rxd1+ 40. Kf2 Rd2+ 41. Ke3 Rfd8 42. Rc3 Rxh2 43. e6 Rh3+ 0-1

[Event "Plzen, FSB C"]
[Site "?"]
[Date "2004.??.??"]
[Round "9.2"]
[White "Nathansky, D."]
[Black "Hava, J."]
[Result "0-1"]
[WhiteElo "1771"]
[BlackElo "1871"]
[PlyCount "80"]
[EventDate "2004.??.??"]
[Source "ChessBase"]
[SourceDate "1996.11.15"]

1. e4 e6 2. d4 d5 3. Nd2 f5 4. e5 Nh6 5. c3 b6 6. f4 c6 7. Ngf3 Be7 8. Bd3 Ba6
9. Bxa6 Nxa6 10. Qe2 Nc7 11. Nf1 Nf7 12. Be3 Qd7 13. h3 c5 14. O-O-O c4 15. Qc2
b5 16. g4 Nh6 17. N3h2 g6 18. Ng3 Rf8 19. Rdf1 a5 20. Bd2 b4 21. gxf5 Nxf5 22.
Nxf5 Rxf5 23. Qd1 Qb5 24. Ng4 Kd7 25. Kb1 Rb8 26. Ka1 Na6 27. Ne3 Rff8 28. h4
bxc3 29. Bxc3 Nb4 30. Ng2 Nd3 31. Qd2 Bb4 32. Rb1 a4 33. h5 g5 34. Bxb4 Qxb4
35. Qxb4 Nxb4 36. b3 gxf4 37. Rhf1 axb3 38. axb3 Nd3 39. Rbd1 Rxb3 40. Rf3 Ra8#
0-1

[Event "Plzen, FSB C"]
[Site "?"]
[Date "2004.??.??"]
[Round "9.3"]
[White "Dvorak, M."]
[Black "Bukacek, L."]
[Result "1/2-1/2"]
[WhiteElo "1796"]
[BlackElo "1728"]
[PlyCount "104"]
[EventDate "2004.??.??"]
[Source "ChessBase"]
[SourceDate "1996.11.15"]

1. e4 e5 2. Nf3 Nf6 3. Bc4 d5 4. exd5 Bd6 5. d3 Bg4 6. h3 Bxf3 7. Qxf3 h6 8.
O-O Nbd7 9. Be3 O-O 10. Nc3 a6 11. a4 Bc5 12. Ne4 Nxe4 13. dxe4 Qe7 14. Bd2 a5
15. Bb5 Nf6 16. g4 Nh7 17. Kh2 Rfd8 18. Rad1 Rd6 19. Qg2 g5 20. c3 Rb6 21. Qg3
f6 22. Qf3 Kg7 23. Rc1 c6 24. b4 axb4 25. cxb4 Bd4 26. dxc6 bxc6 27. Bxc6 Raa6
28. Bb5 Ra7 29. Rc4 Nf8 30. Rfc1 Ne6 31. Qb3 Bxf2 32. Rc8 Rd6 33. Be3 Bxe3 34.
Qxe3 Nd4 35. Qf2 Qf7 36. Bc4 Qd7 37. Bd5 Qxa4 38. R1c7+ Rxc7 39. Rxc7+ Rd7 40.
Rxd7+ Qxd7 41. Qa2 Qc7 42. Bc4 Qb7 43. Qa4 Kf8 44. Bd5 Qc8 45. b5 Qc7 46. Bc6
Kg7 47. Qa6 Kg6 48. Qa8 Kg7 49. Qe8 Nxb5 50. Bxb5 Qc2+ 51. Kg3 Qc3+ 52. Kg2
Qd2+ 1/2-1/2

[Event "Plzen, FSB C"]
[Site "?"]
[Date "2004.??.??"]
[Round "9.4"]
[White "Tenk, P."]
[Black "Bartonicek, Z."]
[Result "1/2-1/2"]
[WhiteElo "1806"]
[BlackElo "1771"]
[PlyCount "118"]
[EventDate "2004.??.??"]
[Source "ChessBase"]
[SourceDate "1996.11.15"]

1. g3 g6 2. Bg2 Bg7 3. Nf3 d6 4. d4 Nf6 5. O-O O-O 6. c3 Nbd7 7. Nbd2 e5 8. Re1
Rb8 9. Nf1 b6 10. e4 Re8 11. h3 a5 12. Bg5 h6 13. Bc1 Ba6 14. Ne3 Nc5 15. c4 b5
16. b3 bxc4 17. bxc4 c6 18. Ba3 Nfd7 19. Qc2 Qc7 20. Nd2 a4 21. Rab1 Qa5 22.
Bf3 Nb3 23. axb3 axb3 24. Qb2 Nc5 25. Bxc5 dxc5 26. Ra1 Qb6 27. Ra3 f5 28. Rxb3
Qc7 29. Rb1 Rbd8 30. Qa3 Bc8 31. Qxc5 Bf8 32. Qb6 Qxb6 33. Rxb6 Rd6 34. Ndf1 f4
35. Be2 Rxd4 36. Ng4 Bxg4 37. Bxg4 h5 38. Be2 fxg3 39. Nxg3 h4 40. Rxc6 hxg3
41. Rxg6+ Kh8 42. Rxg3 Rxe4 43. Re3 Rf4 44. Rb5 Bd6 45. c5 Bb8 46. Rb7 e4 47.
c6 Be5 48. Rb4 Bd6 49. Rc4 Bc7 50. Bd3 Rg8+ 51. Kf1 Rgf8 52. Rexe4 Rxf2+ 53.
Ke1 Ba5+ 54. Kd1 Rd2+ 55. Kc1 Rxd3 56. Rh4+ Kg7 57. Rcg4+ Kf7 58. Rf4+ Ke8 59.
Rxf8+ Kxf8 1/2-1/2

[Event "Plzen, FSB C"]
[Site "?"]
[Date "2004.??.??"]
[Round "9.6"]
[White "Chloupek, J."]
[Black "Talma, K."]
[Result "1/2-1/2"]
[WhiteElo "1743"]
[BlackElo "1823"]
[PlyCount "21"]
[EventDate "2004.??.??"]
[Source "ChessBase"]
[SourceDate "1996.11.15"]

1. c4 d6 2. Nc3 g6 3. Nf3 Bg7 4. g3 Nf6 5. Bg2 O-O 6. O-O Nbd7 7. d3 a6 8. Bd2
Rb8 9. Rc1 c5 10. d4 b6 11. Rb1 1/2-1/2

[Event "Plzen, FSB C"]
[Site "?"]
[Date "2004.??.??"]
[Round "9.7"]
[White "Pechat, J."]
[Black "Verf, F."]
[Result "1-0"]
[WhiteElo "1775"]
[BlackElo "1638"]
[PlyCount "65"]
[EventDate "2004.??.??"]
[Source "ChessBase"]
[SourceDate "1996.11.15"]

1. e4 e5 2. f4 exf4 3. Nf3 g5 4. h4 g4 5. Ne5 d6 6. Nxg4 h5 7. Nf2 Nc6 8. d4
Bh6 9. c3 Nf6 10. Be2 Bg4 11. Nd2 Rg8 12. Nf3 Qe7 13. Qd3 O-O-O 14. Bd2 Rde8
15. e5 dxe5 16. O-O-O exd4 17. Rhe1 dxc3 18. Bxc3 Be6 19. Kb1 Rxg2 20. Nh1 Rd8
21. Qb5 a6 22. Qa4 Bf5+ 23. Bd3 Bxd3+ 24. Rxd3 Rxd3 25. Rxe7 Rxf3 26. Re1 Ng4
27. Qe4 Re3 28. Qxg2 f3 29. Qc2 Nd4 30. Qh7 b5 31. Qxf7 Ne2 32. Ba5 f2 33.
Qxc7# 1-0

[Event "Plzen, FSB C"]
[Site "?"]
[Date "2004.??.??"]
[Round "9.8"]
[White "Albrecht, J."]
[Black "Konigs, C."]
[Result "0-1"]
[WhiteElo "1657"]
[BlackElo "1768"]
[PlyCount "80"]
[EventDate "2004.??.??"]
[Source "ChessBase"]
[SourceDate "1996.11.15"]

1. e4 c5 2. c4 Nc6 3. d3 Nf6 4. Nc3 g6 5. g3 Bg7 6. Bg2 O-O 7. Nge2 d6 8. O-O
Bg4 9. f3 Bd7 10. a3 a6 11. Rb1 Qa5 12. Bd2 Rfb8 13. f4 Qc7 14. h3 e6 15. b4
Ne7 16. Be3 Ne8 17. g4 f5 18. bxc5 dxc5 19. e5 Bf8 20. g5 Nc8 21. Qe1 Bc6 22.
Bxc6 Qxc6 23. Qg3 b5 24. Rbd1 Nb6 25. cxb5 axb5 26. Rb1 Nc7 27. Rb3 Nbd5 28.
Qf3 Qd7 29. Rfb1 Ra5 30. Qf2 Nxe3 31. Qxe3 Rd8 32. Rd1 Rda8 33. Qc1 Nd5 34.
Nxd5 Qxd5 35. Qb1 b4 36. axb4 cxb4 37. Nc1 Bc5+ 38. Kh2 Qf3 39. d4 Qxd1 40.
dxc5 Ra1 0-1

[Event "Plzen, FSB C"]
[Site "?"]
[Date "2004.??.??"]
[Round "9.9"]
[White "Sefrna, F."]
[Black "Zach, T."]
[Result "0-1"]
[WhiteElo "1615"]
[BlackElo "1709"]
[PlyCount "78"]
[EventDate "2004.??.??"]
[Source "ChessBase"]
[SourceDate "1996.11.15"]

1. e4 e5 2. Nf3 Nc6 3. Nc3 Nf6 4. Bb5 Bb4 5. O-O Bxc3 6. dxc3 d6 7. Qd3 h6 8.
Nh4 g5 9. Nf3 Rg8 10. Be3 Be6 11. Bxc6+ bxc6 12. Rad1 Bg4 13. c4 Bxf3 14. gxf3
Qd7 15. c5 d5 16. exd5 cxd5 17. Qa6 c6 18. Rfe1 Kf8 19. b4 Kg7 20. Bc1 Rge8 21.
Qf1 Qf5 22. Qg2 Nh7 23. Rd3 f6 24. Qg4 Kg6 25. Qxf5+ Kxf5 26. c4 d4 27. b5 Nf8
28. a4 a6 29. Rb3 Rab8 30. Ba3 Ne6 31. Reb1 a5 32. b6 Rb7 33. Re1 Ree7 34. Re4
Nf4 35. Bc1 Ne6 36. Ba3 h5 37. Kg2 Nf4+ 38. Kg1 Red7 39. Rb1 g4 0-1

[Event "Plzen, FSB C"]
[Site "?"]
[Date "2004.??.??"]
[Round "9.11"]
[White "Hava, R."]
[Black "Reznicek, M."]
[Result "0-1"]
[WhiteElo "1557"]
[BlackElo "1411"]
[PlyCount "24"]
[EventDate "2004.??.??"]
[Source "ChessBase"]
[SourceDate "1996.11.15"]

1. e4 c5 2. Nf3 Nf6 3. Nc3 Nc6 4. d4 d5 5. dxc5 d4 6. Nb5 e5 7. Bg5 Bxc5 8. Bc4
a6 9. Bxf6 gxf6 10. Na3 Qa5+ 11. Qd2 Bb4 12. c3 dxc3 0-1

[Event "Plzen, FSB C"]
[Site "?"]
[Date "2004.??.??"]
[Round "9.12"]
[White "Vitous, V."]
[Black "Lasik, P."]
[Result "0-1"]
[WhiteElo "1553"]
[BlackElo "1380"]
[PlyCount "102"]
[EventDate "2004.??.??"]
[Source "ChessBase"]
[SourceDate "1996.11.15"]

1. d4 Nf6 2. c4 g6 3. Nc3 Bg7 4. e4 d6 5. Be3 O-O 6. Qd2 Re8 7. Nf3 Nbd7 8.
O-O-O Nf8 9. Bg5 Bg4 10. h3 Bd7 11. g4 c6 12. e5 dxe5 13. dxe5 Nxg4 14. hxg4
Bxg4 15. Qf4 Qc8 16. Be2 Qf5 17. Qxf5 Bxf5 18. Rh4 f6 19. Bh6 Bxh6+ 20. Rxh6
Bg4 21. Rg1 Bxf3 22. Bxf3 f5 23. c5 Red8 24. Rd1 Rd7 25. Be2 Rad8 26. Bc4+ Kg7
27. Rhh1 Rd4 28. Rxd4 Rxd4 29. Bb3 Nd7 30. Rd1 Rxd1+ 31. Bxd1 Nxe5 32. Be2 h5
33. Kd1 Kh6 34. f4 Nd7 35. b4 e5 36. fxe5 Nxe5 37. a4 h4 38. Ke1 g5 39. Kf2 g4
40. Kg2 Kg5 41. Kh2 Nd7 42. Nd1 f4 43. Nc3 Nf6 44. Bd3 f3 45. Ne4+ Nxe4 46.
Bxe4 Kf4 47. Bd3 g3+ 48. Kg1 h3 49. b5 f2+ 50. Kf1 Kf3 51. Be2+ Ke3 0-1

[Event "Plzen, FSB C"]
[Site "?"]
[Date "2004.??.??"]
[Round "9.13"]
[White "Bolek, M."]
[Black "Soutner, J."]
[Result "1/2-1/2"]
[WhiteElo "1554"]
[BlackElo "1703"]
[PlyCount "103"]
[EventDate "2004.??.??"]
[Source "ChessBase"]
[SourceDate "1996.11.15"]

1. e4 e5 2. Nf3 Nc6 3. Bc4 Bc5 4. O-O Nf6 5. d4 Bxd4 6. Nxd4 Nxd4 7. Bg5 d6 8.
f4 Ne6 9. Qf3 exf4 10. Bxe6 Bxe6 11. Qxf4 Qe7 12. Nc3 c6 13. Rae1 Bc4 14. Nd5
Qe5 15. Nxf6+ gxf6 16. Qxf6 Qxf6 17. Rxf6 Rg8 18. Bf4 Ke7 19. Rxd6 Rg4 20. g3
Rxf4 21. Rd4 Rf6 22. Rxc4 Rd8 23. Re2 Rd1+ 24. Kg2 Rfd6 25. Rc3 a5 26. a4 R1d4
27. b3 Kd7 28. Rf3 f6 29. Ref2 b5 30. axb5 cxb5 31. Rf5 Kc6 32. c4 bxc4 33.
bxc4 a4 34. Rxf6 Rxe4 35. Rxd6+ Kxd6 36. Rf7 Rxc4 37. Rxh7 Kc6 38. h4 Kb6 39.
Re7 a3 40. Re1 a2 41. Ra1 Ra4 42. Kh3 Kc6 43. h5 Kd5 44. g4 Ke5 45. Kh4 Kf6 46.
Rf1+ Kg7 47. Ra1 Kf6 48. Rf1+ Kg7 49. Ra1 Kh6 50. Kg3 Kg5 51. Kf3 Ra3+ 52. Ke4
1/2-1/2

[Event "Plzen, FSB C"]
[Site "?"]
[Date "2004.??.??"]
[Round "9.14"]
[White "Szarowski, D."]
[Black "Stanek, V."]
[Result "1-0"]
[WhiteElo "1889"]
[BlackElo "1654"]
[PlyCount "41"]
[EventDate "2004.??.??"]
[Source "ChessBase"]
[SourceDate "1996.11.15"]

1. e4 d6 2. d4 Nf6 3. Nc3 g6 4. f4 Bg4 5. Nf3 Bg7 6. h3 Bxf3 7. Qxf3 c6 8. e5
dxe5 9. fxe5 Nd5 10. Bc4 e6 11. O-O O-O 12. Bb3 Nd7 13. Ne4 Qb6 14. Qf2 h6 15.
c4 Ne7 16. c5 Qc7 17. Nf6+ Kh8 18. Qh4 Nxe5 19. Bxh6 Nf5 20. Rxf5 exf5 21. Bg5+
1-0

[Event "Plzen, FSB C"]
[Site "?"]
[Date "2004.??.??"]
[Round "9.15"]
[White "Fastova, K."]
[Black "Malek, M."]
[Result "1-0"]
[WhiteElo "1636"]
[BlackElo "1642"]
[PlyCount "133"]
[EventDate "2004.??.??"]
[Source "ChessBase"]
[SourceDate "1996.11.15"]

1. e4 c5 2. Nf3 d6 3. d4 cxd4 4. Nxd4 Nf6 5. Nc3 e6 6. Be2 a6 7. a4 Nc6 8. Nb3
Be7 9. a5 b6 10. axb6 Qxb6 11. Be3 Qc7 12. O-O O-O 13. f4 Bb7 14. Bf3 Nd7 15.
Qe1 Qd8 16. Qd2 Qc7 17. Qf2 Qd8 18. Rfd1 Bh4 19. Qd2 Be7 20. Qf2 Bh4 21. g3 Be7
22. Nd2 Qc7 23. Nc4 Rfd8 24. Bg2 Nb4 25. Na5 Nc6 26. Nxb7 Qxb7 27. b3 Qc7 28.
Na4 Rab8 29. Qe2 Ra8 30. Rdc1 Rdb8 31. Nb2 a5 32. Nd3 Bd8 33. Nb2 Be7 34. Nc4
Rb4 35. Bd2 Rbb8 36. Bc3 Bf8 37. Rd1 Nd8 38. Qd2 Nb7 39. Nxa5 Nxa5 40. Bxa5
Qc5+ 41. Kh1 g6 42. b4 Qc4 43. Rab1 Rc8 44. Rdc1 Rab8 45. Qe3 Nf6 46. h3 d5 47.
e5 Nd7 48. c3 Bh6 49. Rb2 Nxe5 50. Qxe5 Bg7 51. Qd6 d4 52. Bf1 Qc6+ 53. Qxc6
Rxc6 54. c4 d3 55. Rd2 Rbc8 56. Rxd3 Bf8 57. Rb3 Rd6 58. c5 Rd4 59. c6 Bd6 60.
Ba6 Ra8 61. b5 Re8 62. c7 Bxc7 63. Bxc7 Rf8 64. Be5 Rd5 65. b6 f6 66. Bc4 Rdd8
67. Bxe6+ 1-0

[Event "Plzen, FSB C"]
[Site "?"]
[Date "2004.??.??"]
[Round "9.16"]
[White "Veenstra, C."]
[Black "Martan, P."]
[Result "1-0"]
[WhiteElo "1474"]
[BlackElo "1000"]
[PlyCount "79"]
[EventDate "2004.??.??"]
[Source "ChessBase"]
[SourceDate "1996.11.15"]

1. d4 d5 2. Nf3 Nc6 3. c4 Nf6 4. Nc3 Bf5 5. a3 e6 6. Bg5 Be7 7. Bxf6 Bxf6 8. e3
O-O 9. c5 Re8 10. Be2 e5 11. O-O e4 12. Nd2 Qd7 13. b4 a6 14. Re1 Re6 15. Bg4
Re7 16. Bxf5 Qxf5 17. Qc2 Re6 18. f3 Nxd4 19. exd4 Bxd4+ 20. Kh1 Bxc3 21. Qxc3
Rae8 22. Qc2 Qg6 23. fxe4 dxe4 24. Re3 f5 25. Rae1 h5 26. h3 Qh7 27. Qc4 g5 28.
Nxe4 Kg7 29. Nxg5 Rxe3 30. Qf7+ Kh6 31. Qxh7+ Kxg5 32. Rxe3 Rxe3 33. Kg1 c6 34.
Kf2 f4 35. Qxb7 Rxa3 36. Qxc6 Ra2+ 37. Kf3 Rb2 38. h4+ Kf5 39. Qe4+ Kf6 40.
Qd4+ 1-0